000 00968nam a22002657a 4500
005 20250508145358.0
008 250508b ||||| |||| 00| 0 eng d
020 _a9781408857793
040 _cSSBUL
041 _aEnglish
082 _223
_a355.3432 So
_b25439 S-RH
100 1 _aSorge, Richard.
_959564
245 1 2 _aAn Impeccable Spy:
_bRichard Sorge, Stalin's Master Agent /
_cOwen Matthews.
260 _aLondon:
_bBloomsbury publishing,
_c2019.
300 _aviii,435 pages;
_bPhoto;
_c23 cm.
500 _aS-RH: Mr. Ron Halsey Collection
504 _aIncludes bibliographical references and index.
650 _aSpies
_zSoviet union
_959565
650 _aPolitical science
_xIntelligence
_yPolitical freedom and security
_959566
650 _aWorld war, 1939-1945
_xMilitary intelligence
_zJapan
_959567
650 _aEspionage
_xMilitary intelligence
_959568
700 1 _aMaster Agent, stain's
_959569
700 1 _aMathews, Owen
_959570
942 _2ddc
_cBK1
999 _c43459
_d43459